[Event "Reykjavik op"]
[Site "Reykjavik"]
[Date "2023.03.29"]
[Round "1"]
[White "Danielsson, Grimur"]
[Black "Dishman, Matthew"]
[Result "1/2-1/2"]
[WhiteElo "1570"]
[BlackElo "1896"]
[PlyCount "102"]
[EventDate "2023.03.29"]
[EventType "swiss"]
[EventRounds "9"]
[EventCountry "ISL"]
[SourceTitle "CBM 213 Extra"]
[Source "ChessBase"]
[SourceDate "2023.05.31"]
[SourceVersion "1"]
[SourceVersionDate "2023.05.31"]
[SourceQuality "1"]

1. Nf3 Nf6 2. e3 c5 3. d4 e6 4. c4 cxd4 5. exd4 d5 6. a3 Be7 7. Nc3 0-0 8. Be2 a6 9. cxd5 Nxd5 10. Ne5 Nxc3 11. bxc3 Nd7 12. Nd3 Qc7 13. Qb3 b5 14. Bf4 Bd6 15. Bxd6 Qxd6 16. Bf3 Rb8 17. 0-0 Bb7 18. Bxb7 Rxb7 19. Qb4 Qd5 20. Rfe1 Rc8 21. Rac1 Rbc7 22. Qb2 Rc4 23. Re3 h6 24. h3 a5 25. Ne5 Nb6 26. Rb1 Ra4 27. Qxb5 Qxb5 28. Rxb5 Nd5 29. Rf3 f6 30. c4 Nc7 31. Nc6 Nxb5 32. Ne7+ Kh7 33. Nxc8 Nxd4 34. Rd3 Rxc4 35. Nd6 Rc1+ 36. Kh2 e5 37. f4 a4 38. fxe5 fxe5 39. Nf7 Nc6 40. Re3 Rc5 41. Re4 Kg6 42. Nd6 Nd4 43. Rg4+ Kh7 44. Nf7 Ra5 45. Nxe5 Nb5 46. Nc4 Ra6 47. Nb2 Nxa3 48. Rxa4 Rxa4 49. Nxa4 g5 50. Kg3 Kg6 51. h4 gxh4+ 1/2-1/2

[Event "EU-Cup 36th"]
[Site "Struga"]
[Date "2021.09.18"]
[Round "1.4"]
[White "Sychev, Klementy"]
[Black "Dishman, Matthew"]
[Result "1-0"]
[WhiteElo "2556"]
[BlackElo "1949"]
[PlyCount "55"]
[EventDate "2021.09.18"]
[EventType "team-swiss"]
[EventRounds "7"]
[EventCountry "MKD"]
[SourceTitle "CBM 204 Extra"]
[Source "ChessBase"]
[SourceDate "2021.11.30"]
[SourceVersion "1"]
[SourceVersionDate "2021.11.30"]
[SourceQuality "1"]
[WhiteTeam "KPRF"]
[BlackTeam "Bonnevoie Gambit"]
[WhiteTeamCountry "RUS"]
[BlackTeamCountry "LUX"]

1. e4 c5 2. Nf3 e6 3. d4 cxd4 4. Nxd4 a6 5. Bd3 g6 6. Nc3 Bg7 7. Be3 Ne7 8. Qd2 d5 9. Nf3 dxe4 10. Nxe4 0-0 11. Bh6 Nf5 12. Bxg7 Kxg7 13. Qc3+ f6 14. g4 Nd6 15. 0-0-0 Nxe4 16. Bxe4 Qe7 17. g5 Nd7 18. Rhe1 Rf7 19. h4 Nf8 20. Rg1 Rb8 21. Ne5 Bd7 22. Nxf7 Kxf7 23. Qc7 Rc8 24. Qxb7 f5 25. Bf3 Kg8 26. c3 a5 27. Rd2 a4 28. Rgd1 1-0

[Event "Helsingor Xtracon op"]
[Site "Helsingor"]
[Date "2018.07.26"]
[Round "7"]
[White "Solberg, Joachim Krokvik"]
[Black "Dishman, Matthew"]
[Result "1/2-1/2"]
[WhiteElo "2263"]
[BlackElo "1820"]
[PlyCount "107"]
[EventDate "2018.07.21"]
[EventType "swiss"]
[EventRounds "10"]
[EventCountry "DEN"]
[SourceTitle "CBM 185 Extra"]
[Source "ChessBase"]
[SourceDate "2018.07.29"]
[SourceVersion "1"]
[SourceVersionDate "2018.07.29"]
[SourceQuality "1"]

1. e4 c6 2. d4 d5 3. exd5 cxd5 4. c4 Nf6 5. Nc3 Nc6 6. Bg5 dxc4 7. d5 Ne5 8. Qd4 h6 9. Qxe5 hxg5 10. Bxc4 Bd7 11. Nf3 Rc8 12. Bb3 g4 13. Nd2 Rh5 14. Qd4 Qc7 15. 0-0-0 b5 16. Kb1 Qc5 17. Nde4 Nxe4 18. Nxe4 Qxd4 19. Rxd4 Re5 20. Nc3 g6 21. a4 a6 22. axb5 axb5 23. Rhd1 Bg7 24. Rb4 Rf5 25. Ne4 Re5 26. f3 gxf3 27. gxf3 Rh5 28. Rd2 Be5 29. h4 Rf5 30. d6 Rxf3 31. dxe7 Rf1+ 32. Rd1 Rxd1+ 33. Bxd1 Bf5 34. Bf3 Rc4 35. Rxc4 bxc4 36. Kc1 Kxe7 37. Nd2 c3 38. bxc3 Bxc3 39. Ne4 Be1 40. h5 gxh5 41. Kd1 Bh4 42. Ke2 Bg4 43. Ke3 f5 44. Nc5 Kd6 45. Nd3 Bg5+ 46. Kf2 h4 47. Bxg4 fxg4 48. Kg2 Be3 49. Ne1 Bg5 50. Nf3 Bf6 51. Nh2 g3 52. Kh3 Kd5 53. Nf1 Be5 54. Kxh4 1/2-1/2

[Event "Helsingor Xtracon op"]
[Site "Helsingor"]
[Date "2017.07.25"]
[Round "5"]
[White "Dishman, Matthew"]
[Black "Crevatin, Leo"]
[Result "1/2-1/2"]
[WhiteElo "1824"]
[BlackElo "2044"]
[PlyCount "58"]
[EventDate "2017.07.22"]
[EventType "swiss"]
[EventRounds "10"]
[EventCountry "DEN"]
[SourceTitle "CBM 179 Extra"]
[Source "ChessBase"]
[SourceDate "2017.08.23"]
[SourceVersion "1"]
[SourceVersionDate "2017.08.23"]
[SourceQuality "1"]

1. e4 c5 2. Nf3 Nc6 3. Bb5 d6 4. 0-0 Bd7 5. Re1 Nf6 6. c3 a6 7. Bf1 Bg4 8. h3 Bxf3 9. Qxf3 g6 10. d3 Bg7 11. Be3 Nd7 12. Nd2 b5 13. Qd1 0-0 14. Nf3 Nb6 15. d4 cxd4 16. cxd4 d5 17. e5 Qd7 18. Bf4 e6 19. b3 Rac8 20. Qd2 Qe7 21. Rac1 Qa3 22. Bg5 Rfe8 23. Bf6 Nd7 24. Bxg7 Kxg7 25. h4 h5 26. Red1 Qe7 27. Re1 Qa3 28. g3 Nb4 29. Kg2 Nc6 1/2-1/2